Beyond Pan-Asianism: (Record no. 183359)

MARC details
000 -LEADER
fixed length control field 00702 a2200205 4500
005 - DATE AND TIME OF LATEST TRANSACTION
control field 20211223150321.0
010 ## - LCCN (DPL NO)
LC control number ENG-130559
020 ## - INTERNATIONAL STANDARD BOOK NUMBER
International Standard Book Number 978-0-19-012911-8
Terms of availability 1495.00
035 ## - SYSTEM CONTROL NUMBER
System control number EN-114091
037 ## - SOURCE OF ACQUISITION
Source of stock number/acquisition DBAD/PUB
082 ## - DEWEY DECIMAL CLASSIFICATION NUMBER
Classification number 327.51054
Item number 1
245 ## - TITLE STATEMENT
Title Beyond Pan-Asianism:
Remainder of title Connecting China and India, 1840s-1960s/
Statement of responsibility, etc Edited by Tansen Sen, Brian Tsui
250 ## - EDITION STATEMENT
Edition statement 2021
260 ## - PUBLICATION, DISTRIBUTION, ETC. (IMPRINT)
Place of publication, distribution, etc New Delhi
Name of publisher, distributor, etc Oxford University Press
Date of publication, distribution, etc 2021
270 ## - ADDRESS
Address 22 Workspace, 2nd Floor, 1/22 Asaf Ali Road
City New Delhi
Postal code 110002
300 ## - PHYSICAL DESCRIPTION
Extent ix-xi,495,p.
Dimensions 22cm (hbk)
Other physical details Index, Editor and Contributors
700 ## - ADDED ENTRY--PERSONAL NAME
Personal name Sen, Tansen
700 ## - ADDED ENTRY--PERSONAL NAME
Personal name Tsui, Brian
942 ## - ADDED ENTRY ELEMENTS (KOHA)
Institution code [OBSOLETE] dpl
Item type English Books
Source of classification or shelving scheme Dewey Decimal Classification
Classification part 327.51054
Call number suffix BEY
Holdings
Withdrawn status Lost status Not for loan Collection code Home library Current library Date acquired Source of acquisition Cost, normal purchase price Full call number Barcode Copy number Cost, replacement price Koha item type
      Non-fiction Patel Nagar Patel Nagar 23/12/2021 DBAD/PUB 1495.00 327.51054 BEY EN-114091 1 1495.00 English Books

© Delhi Public Library
Hit Counter
free hit counter